| 000 | 00529nam a2200133Ia 4500 | ||
|---|---|---|---|
| 005 | 20260209120139.0 | ||
| 008 | 260209s9999||||xx |||||||||||||| ||und|| | ||
| 100 | _aTanushree Rao | ||
| 245 | 2 | _aA critical study of the contributions of the European court of human rights : right to life, right to fair trial and right to privacy | |
| 260 |
_aBangaloreBangalore _bNLSIU _c2017 |
||
| 300 | _a132 p. ; 25 cm. | ||
| 700 | _aProf. H K Nagaraja - GuideProf. H K Nagaraja - Guide | ||
| 856 | _uhttps://dans.nls.ac.in/handle/123456789/1565 | ||
| 999 |
_c217334 _d217334 |
||